书目信息 |
| 题名: |
了不起的盖茨比:夜色温柔
|
|
| 作者: | 菲茨杰拉德 著 | |
| 分册: | ||
| 出版信息: | 南京 译林出版社 1998.02 |
|
| 页数: | 419页 | |
| 开本: | 32开 | |
| 丛书名: | ||
| 单 册: | ||
| 中图分类: | I712.44 | |
| 科图分类: | ||
| 主题词: | 文学 | |
| 电子资源: | ||
| ISBN: | 7-80567-734-4 | |
| 000 | 00580nam0 2200193 45 | |
| 001 | 0004281520 | |
| 005 | 20000914192551.4 | |
| 010 | @a7-80567-734-4@d22.00元 | |
| 100 | @a20000428d1998 km y0chiy0120 ea | |
| 101 | @achi | |
| 105 | @a z 000yy | |
| 200 | 1 | @a了不起的盖茨比:夜色温柔@ALiao Bu Qi De Gai Ci Bi:Ye Se Wen Rou@f(美)菲茨杰拉德著@F(Mei)Fei Ci Jie La De Zhu |
| 210 | @a南京@c译林出版社@d1998.02 | |
| 215 | @a419页@d32开 | |
| 606 | 0 | @a文学 |
| 690 | @aI712.44@v3 | |
| 701 | @a菲茨杰拉德@4著 | |
| 801 | @aCN@bPftUser@c20000428 | |
| 905 | @dI712.44@eF340@b142554-556@f3 | |
| 了不起的盖茨比:夜色温柔/(美)菲茨杰拉德著.-南京:译林出版社,1998.02 |
| 419页;32开 |
| ISBN 7-80567-734-4:22.00元 |
| ● |
| 相关链接 |
|
|
|
正题名:了不起的盖茨比:夜色温柔
索取号:I712.44/F340
 
预约/预借
| 序号 | 登录号 | 条形码 | 馆藏地/架位号 | 状态 | 备注 |
| 1 | 142555 | 201425555 | 社科二线422/422社科库 27排1列2层/ [索取号:I712.44/F340] | 在馆 | |
| 2 | 142556 | 201425564 | 文学库116/116文学库 26排2列1层/ [索取号:I712.44/F340] | 在馆 |